| 000 | 00352cam a22001097a 4500 | ||
|---|---|---|---|
| 008 | 180718b1997 xxu||||| |||| 00| 0 eng d | ||
| 100 | _aSharma, Ramsharan | ||
| 245 |
_aPrarambhik bharat ka arthik aur samajik itihas _cby Ramsharan Sharma |
||
| 260 |
_aDelhi vishvvidhyalya _bHindi Madhyam Karyanvay Nedeshalaya _c1997 |
||
| 300 | _a303p. | ||
| 650 | _aItihas | ||
| 999 |
_c439267 _d439267 |
||